[Event "PRO League Stage"]
[Site "Chess.com INT"]
[Date "2017.02.22"]
[Round "7"]
[White "Taghizadeh, Rayan"]
[Black "Breckenridge, Steven James"]
[Result "0-1"]
[WhiteElo "2317"]
[BlackElo "2239"]
[PlyCount "162"]
[EventDate "2017.01.11"]
[EventType "team-swiss (rapid)"]
[EventRounds "7"]
[EventCountry "USA"]
[SourceTitle "EXT 2018"]
[Source "ChessBase"]
[SourceDate "2017.10.13"]
[SourceVersion "1"]
[SourceVersionDate "2017.10.13"]
[SourceQuality "1"]
[WhiteTeam "San Francisco Mechanics"]
[BlackTeam "Portland Rain"]
[WhiteTeamCountry "USA"]
[BlackTeamCountry "USA"]

1. e4 e5 2. Nf3 Nc6 3. Nc3 Nf6 4. Bb5 Bb4 5. 0-0 0-0 6. Bxc6 bxc6 7. Nxe5 Bxc3 8. dxc3 Nxe4 9. Qf3 f5 10. Rd1 Qe7 11. Nd3 c5 12. Qe3 c4 13. Nf4 Qf7 14. Nd5 d6 15. f3 Nc5 16. Qd4 Be6 17. Nf4 Rae8 18. Be3 Bd7 19. Bf2 g5 20. Nd5 Be6 21. Qd2 Bxd5 22. Qxd5 Re5 23. Qxf7+ Kxf7 24. Rd4 Rb8 25. b3 cxb3 26. axb3 Re2 27. Rxa7 Rb7 28. Rxb7 Nxb7 29. h4 Rxc2 30. Rc4 c5 31. hxg5 d5 32. Rh4 Kg6 33. Rh6+ Kxg5 34. Rxh7 Na5 35. b4 cxb4 36. cxb4 Nc4 37. Rd7 Rc1+ 38. Kh2 Rc2 39. Bc5 Ne5 40. Rxd5 Nxf3+ 41. Kg3 Ne1 42. Bf2 Rc3+ 43. Kh2 Nd3 44. Be3+ Kg6 45. b5 Rb3 46. Rd6+ Kf7 47. b6 Ne5 48. Bg1 Ke7 49. Rd1 Ng4+ 50. Kh1 Kf6 51. Rd6+ Kg5 52. Rd8 Rb1 53. g3 Kf6 54. Rf8+ Ke6 55. Re8+ Kf7 56. Re2 Nf6 57. Kg2 Ne4 58. Rc2 Rb3 59. Rc7+ Ke6 60. Bh2 Rb2+ 61. Kg1 Rxb6 62. Rc1 Rb2 63. Re1 Kf6 64. Rf1 Kg5 65. Rf3 Nd2 66. Rf2 Rb1+ 67. Kg2 Ne4 68. Re2 Kg4 69. Rc2 Rb3 70. Ra2 Nxg3 71. Bxg3 Rxg3+ 72. Kh2 f4 73. Rb2 Rh3+ 74. Kg2 f3+ 75. Kg1 Kg3 76. Ra2 Rh7 77. Ra3 Rc7 78. Ra1 Rc2 79. Rb1 Rg2+ 80. Kh1 Rh2+ 81. Kg1 f2+ 0-1

[Event "Southwest Class-ch 8th"]
[Site "Fort Worth"]
[Date "2017.02.19"]
[Round "7"]
[White "Taghizadeh, Rayan"]
[Black "Stremavicius, Titas"]
[Result "1/2-1/2"]
[WhiteElo "2327"]
[BlackElo "2468"]
[PlyCount "55"]
[EventDate "2017.02.16"]
[EventType "swiss"]
[EventRounds "9"]
[EventCountry "USA"]
[SourceTitle "EXT 2018"]
[Source "ChessBase"]
[SourceDate "2017.10.13"]
[SourceVersion "1"]
[SourceVersionDate "2017.10.13"]
[SourceQuality "1"]

1. e4 c5 2. Nf3 Nc6 3. Bb5 g6 4. Bxc6 bxc6 5. 0-0 Bg7 6. Re1 Nh6 7. c3 f6 8. d4 cxd4 9. cxd4 0-0 10. Nc3 Nf7 11. Be3 Rb8 12. b3 Qa5 13. Rc1 d6 14. Nd2 Qa6 15. Nc4 Rd8 16. d5 c5 17. f4 e5 18. dxe6 Bxe6 19. Nd5 Bxd5 20. Qxd5 Qb7 21. Rcd1 Qxd5 22. Rxd5 Re8 23. Bf2 Bf8 24. g4 a5 25. Nxa5 Ra8 26. b4 cxb4 27. Re2 Bh6 28. Bg3 1/2-1/2

[Event "PRO League Stage"]
[Site "Chess.com INT"]
[Date "2017.02.15"]
[Round "6"]
[White "Javakhadze, Zurab"]
[Black "Taghizadeh, Rayan"]
[Result "1/2-1/2"]
[WhiteElo "2468"]
[BlackElo "2317"]
[PlyCount "67"]
[EventDate "2017.01.11"]
[EventType "team-swiss (rapid)"]
[EventRounds "7"]
[EventCountry "USA"]
[SourceTitle "CBM 176 Extra"]
[Source "ChessBase"]
[SourceDate "2017.03.02"]
[SourceVersion "1"]
[SourceVersionDate "2017.03.02"]
[SourceQuality "1"]
[WhiteTeam "Dallas Destiny"]
[BlackTeam "San Francisco Mechanics"]
[WhiteTeamCountry "USA"]
[BlackTeamCountry "USA"]

1. Nf3 Nf6 2. g3 b6 3. Bg2 Bb7 4. 0-0 e6 5. c4 Be7 6. b3 0-0 7. Bb2 c5 8. e3 d5 9. Nc3 dxc4 10. bxc4 Nbd7 11. Qe2 Ne4 12. Rad1 Nxc3 13. Bxc3 Qc7 14. e4 e5 15. Ne1 Bd6 16. Nc2 Nb8 17. Ne3 Nc6 18. Nd5 Qd7 19. d3 Nd4 20. Bxd4 cxd4 21. f4 Bxd5 22. fxe5 Bxe5 23. exd5 Rae8 24. Qf3 Bd6 25. Rde1 Rxe1 26. Rxe1 Re8 27. Re4 Rxe4 28. Qxe4 Qe7 29. Kf2 Qxe4 30. Bxe4 g6 31. Bg2 Kg7 32. Kf3 f5 33. h3 Kf6 34. g4 1/2-1/2

[Event "PRO League Pacific"]
[Site "Chess.com INT"]
[Date "2017.01.25"]
[Round "3"]
[White "Taghizadeh, Rayan"]
[Black "Grabinsky, Aaron"]
[Result "0-1"]
[WhiteElo "2317"]
[BlackElo "2380"]
[PlyCount "90"]
[EventDate "2017.01.11"]
[EventType "team-swiss (rapid)"]
[EventRounds "7"]
[EventCountry "USA"]
[SourceTitle "CBM 176 Extra"]
[Source "ChessBase"]
[SourceDate "2017.03.02"]
[SourceVersion "1"]
[SourceVersionDate "2017.03.02"]
[SourceQuality "1"]
[WhiteTeam "San Francisco Mechanics"]
[BlackTeam "Webster Windmills"]
[WhiteTeamCountry "USA"]
[BlackTeamCountry "USA"]

1. e4 e6 2. d4 d5 3. Nd2 Nf6 4. e5 Nfd7 5. Bd3 c5 6. c3 Nc6 7. Ne2 cxd4 8. cxd4 f6 9. exf6 Nxf6 10. 0-0 Bd6 11. Nf3 Qc7 12. g3 0-0 13. Bf4 Ng4 14. Bxd6 Qxd6 15. Nc3 h6 16. h3 Nf6 17. Re1 a6 18. Qe2 b5 19. Rad1 Ra7 20. Ne5 g5 21. Bxb5 Nxd4 22. Rxd4 axb5 23. Nxb5 Qb6 24. Nxa7 Qxd4 25. Nec6 Qc5 26. Nxc8 Ne4 27. b4 Qc3 28. N8e7+ Kh7 29. Qe3 Qb2 30. Re2 Qa1+ 31. Kg2 Rf6 32. b5 Qb1 33. b6 h5 34. a4 g4 35. h4 Rf3 36. Qd4 Nxg3 37. fxg3 Qf1+ 38. Kh2 Qxe2+ 39. Kh1 Rf1+ 40. Qg1 Qf3+ 41. Kh2 Rxg1 42. Kxg1 Qxg3+ 43. Kf1 Qf3+ 44. Ke1 g3 45. b7 Qf2+ 0-1

[Event "North American op 26th"]
[Site "Las Vegas"]
[Date "2016.12.30"]
[Round "9"]
[White "Taghizadeh, Rayan"]
[Black "Panchanathan, Magesh Chandran"]
[Result "0-1"]
[WhiteElo "2310"]
[BlackElo "2513"]
[PlyCount "90"]
[EventDate "2016.12.26"]
[EventType "swiss"]
[EventRounds "9"]
[EventCountry "USA"]
[SourceTitle "CBM 176 Extra"]
[Source "ChessBase"]
[SourceDate "2017.03.02"]
[SourceVersion "1"]
[SourceVersionDate "2017.03.02"]
[SourceQuality "1"]

1. e4 e5 2. Nf3 Nc6 3. Bb5 a6 4. Ba4 Nf6 5. 0-0 Be7 6. Re1 b5 7. Bb3 d6 8. c3 0-0 9. d4 Bg4 10. Be3 exd4 11. cxd4 d5 12. e5 Ne4 13. Nc3 Nxc3 14. bxc3 Qd7 15. Bc2 f5 16. h3 Bh5 17. g4 Bg6 18. Nh2 f4 19. Bc1 Bxc2 20. Qxc2 a5 21. a4 b4 22. Bd2 Nd8 23. Rac1 Ne6 24. Nf3 Rfb8 25. cxb4 axb4 26. Qc6 Qxc6 27. Rxc6 Kf7 28. Ra1 Ra5 29. Rc2 Rba8 30. Rca2 b3 31. Rb2 Rxa4 32. Rxa4 Rxa4 33. Bc3 Ra3 34. Nd2 c5 35. Rxb3 cxd4 36. Bb2 Rxb3 37. Nxb3 d3 38. Bc1 f3 39. Kh2 Nc5 40. Nd4 Ne4 41. e6+ Ke8 42. Nxf3 Bb4 43. Bb2 g6 44. h4 d2 45. Nxd2 Bxd2 0-1

[Event "North American op 26th"]
[Site "Las Vegas"]
[Date "2016.12.28"]
[Round "5"]
[White "Taghizadeh, Rayan"]
[Black "Checa, Nicolas D"]
[Result "1/2-1/2"]
[WhiteElo "2310"]
[BlackElo "2428"]
[PlyCount "42"]
[EventDate "2016.12.26"]
[EventType "swiss"]
[EventRounds "9"]
[EventCountry "USA"]
[SourceTitle "CBM 176 Extra"]
[Source "ChessBase"]
[SourceDate "2017.03.02"]
[SourceVersion "1"]
[SourceVersionDate "2017.03.02"]
[SourceQuality "1"]

1. e4 e6 2. d4 d5 3. Nd2 c5 4. Ngf3 cxd4 5. Nxd4 Nf6 6. exd5 Qxd5 7. Nb5 Na6 8. Nc3 Qd6 9. Qf3 Nb4 10. Bb5+ Bd7 11. 0-0 Bxb5 12. Nxb5 Qd7 13. c4 a6 14. Nc3 Qc6 15. Qxc6+ Nxc6 16. Nf3 Rd8 17. Rd1 Rxd1+ 18. Nxd1 Bc5 19. Be3 Bxe3 20. Nxe3 Ke7 21. Rd1 Rd8 1/2-1/2